Prezydenci USA na których był zamach - Statystyki

Ogólne statystyki
  • Ten quiz został rozwiązany 60 razy
  • Średni wynik to 10 z 15
Statystyki odpowiedzi
Rok
zamachu
Prezydent Skutek
śmiertelny?
% Poprawnych
2024 Donald Trump nie
100%
1963 John F. Kennedy tak
94%
1865 Abraham Lincoln tak
86%
1981 Ronald Reagan nie
82%
2005 George H.W Bush nie
78%
2008 George W. Bush nie
78%
1950 Harry Truman nie
70%
1972 Richard Nixon nie
68%
1975 (x2) Gerald Ford nie
64%
1979 Jimmy Carter nie
64%
1933 Franklin Delano Roosevelt nie
60%
1912 Theodore Roosevelt nie
60%
1901 William McKinley tak
48%
1835 Andrew Jackson nie
42%
1909 William Taft nie
38%
Nie znaleziono quizów pasujących do podanych kryteriów
Rozkład punktacji
Procent ludzi z każdym wynikiem
Percentyl według liczby udzielonych odpowiedzi
Twoja historia wyników
Nie rozwiązałeś tego quizu